[Event "Aerosvit 2007"]
[Site "Foros RUS"]
[Date "2007.06.21"]
[Round "4"]
[White "GM Ivanchuk, Vassily(UKR)"]
[Black "GM Onischuk, Alexander(USA)"]
[Result "1/2-1/2"]
[WhiteElo "2729"]
[BlackElo "2663"]
[Annotator "Ëåáåäåâ Âàñèëèé"]
[PlyCount "35"]
[EventDate "2007.??.??"]

1. d4 Nf6 2. c4 e6 3. g3 {Èòàê, Êàòàëîíñêîå íà÷àëî.} d5 4. Bg2 Be7 5. Nf3 O-O
6. O-O dxc4 7. Na3 $5 {Çà âåðñòó ïàõíåò Ðîìàíèøèíûì ;))} Bxa3 ({Äåéñòâèòåëüíî,
â ÌåãàÁàçå ÿ íàø¸ë íåñêîëüêî ïàðòèè îäíîãî èç ãëàâíûõ äåáþòíûõ
«êðåàòèâùèêîâ» 80-õ:} 7... c5 8. dxc5 Bxc5 9. Nxc4 Nc6 10. a3 Qe7 11. b4 Rd8
12. Bd2 Bb6 13. Nxb6 axb6 14. b5 Na5 15. Qb1 e5 16. Bb4 Qe8 17. Bc3 Rd5 18. a4
Bg4 19. h3 Bh5 20. Qa2 Rad8 21. Rac1 Bg6 22. Nh4 R5d7 23. Nxg6 hxg6 24. Ba1 g5
25. Qb2 Rd4 26. Qa3 Rc4 27. Rxc4 Nxc4 28. Qc3 Qe6 29. Rc1 Rc8 30. Bxb7 Rc5 31.
Qd3 Ne8 32. Bg2 Ned6 33. Rd1 e4 34. Qd4 f6 35. g4 Rc8 36. Bc3 Nf7 37. Bxe4 Ncd6
38. Bf3 Qb3 39. Ba1 Rc4 40. Bd5 Qxa4 41. Bxc4 Nxc4 42. Qd5 Ncd6 43. Bb2 {
(1-0 Romanishin,O (2580) - Kuzmin,G (2545)/Yerevan 1982)}) (7... b6 8. Nd2 Nd5
9. Naxc4 b5 10. Ne5 Bb7 11. Nb3 a5 12. Bd2 b4 13. Rc1 Ra7 14. Qc2 Nd7 15. e4
Nxe5 16. dxe5 a4 17. Nc5 Nc3 18. bxc3 Bxc5 19. cxb4 Bb6 20. a3 Ba6 21. Rfe1 Bd3
22. Qb2 Bb5 23. Rcd1 Qe7 24. Qc1 h6 25. Be3 Rd8 26. Rxd8+ Qxd8 27. Rd1 Qe7 28.
Bf1 Bxf1 29. Kxf1 Qe8 30. Bxb6 Qb5+ 31. Kg2 cxb6 32. Qc3 Kh7 33. Rd6 Qe2 34.
Qc6 b5 35. h4 Qb2 36. Qc5 Rb7 37. Rd8 Qe2 38. Qc6 Re7 39. Rb8 Qd1 40. Rxb5 Rd7
41. Rb7 Rxb7 42. Qxb7 Qd3 43. Qxf7 Qxa3 44. Qxe6 Qxb4 45. Qf5+ Kg8 46. e6 Qb7
47. Qe5 Qa8 48. f3 a3 49. Qc7 a2 50. Qf7+ Kh7 51. e7 a1=Q 52. e8=Q Qb2+ 53. Kh3
Qxe8 54. Qxe8 Qf6 55. Qh5 g6 56. Qg4 Qd4 57. h5 {
(1-0 Romanishin,O (2585) - Pigusov,E (2430)/Sochi 1982).}) 8. bxa3 Bd7 ({
Íî ñàìà èäåÿ âïåðâûå áûëà îáíàðîäîâàíà â ñëåäóþùåé ïàðòèè:} 8... b5 9. Ne5 Nd5
10. Qc2 f6 11. Nf3 Nd7 12. a4 a6 13. Rb1 c6 14. e4 N5b6 15. d5 cxd5 16. axb5
axb5 17. Nd4 Ne5 18. exd5 exd5 19. Rxb5 Ra6 20. Be3 Bd7 21. Bxd5+ Nxd5 22. Rxd5
Qa8 23. Rxd7 Nxd7 24. Qxc4+ Kh8 25. Ra1 Ne5 26. Qe2 Re8 27. f4 Nf7 28. Qf2 Nd6
29. Bc1 Ne4 30. Qf3 Rxa2 31. Rxa2 Qxa2 32. Be3 f5 33. Nxf5 Rb8 34. Bf2 Nxf2 35.
Qc3 Nh3+ {(Navarovszky,L - Portisch,L/Budapest 1963).}) 9. Ne5 (9. Qc2 $145)
9... Bc6 10. Nxc6 Nxc6 11. Rb1 $146 ({Îáû÷íîå ïðîäîëæåíèå çäåñü} 11. Bb2 {
. È ïðåäëàãàþ âíèìàíèþ ÷èòàòåëåé åù¸ îäèí òðèëèñòíèê ïàðòèé èçâåñòíîãî
ãðîññìåéñòåðà:} Nd5 (11... Qd6 12. e4 c3 13. Bxc3 Qxa3 14. Qc2 Rfd8 15. Rfd1
Nb4 16. Bxb4 Qxb4 17. Rab1 Qa5 18. Rxb7 Rac8 19. Qc4 h6 20. Rb5 Qa6 21. Rc5
Qxc4 22. Rxc4 c6 23. Bf3 Rc7 24. a4 Rcd7 25. e5 Nd5 26. Rxc6 Ne7 27. Ra6 Ng6
28. Re1 Rc7 29. Be4 Rxd4 30. Bxg6 fxg6 31. Rxe6 Kf7 32. Ra6 g5 33. h3 Rdc4 34.
Kg2 R4c6 35. Rxc6 Rxc6 36. Rb1 Ke6 37. Rb7 Ra6 38. Rxg7 Kxe5 39. Re7+ Kd5 40.
Rh7 Ke5 41. g4 Kd4 42. Kg3 Ke5 43. f3 Kd4 44. h4 gxh4+ 45. Kxh4 Ke5 46. Kh5
Rxa4 47. Kxh6 Rf4 48. Rxa7 Rxf3 49. g5 Ke6 50. g6 Rh3+ 51. Kg7 Rg3 52. Rf7 Rg2
53. Rf1 {1-0 Krasenkow,M (2535) - Boensch,U (2510)/Wattens 1990}) 12. Rc1 (12.
Rb1 Nb6 13. e3 Rb8 14. Qc2 Qd6 15. Rfd1 Rfd8 16. e4 e5 17. d5 Nd4 18. Bxd4 exd4
19. Rxd4 c6 20. a4 cxd5 21. exd5 g6 22. a5 Qc5 23. Qc3 Nxd5 24. Qxc4 Qxc4 25.
Rxc4 Rd7 26. Rd1 Rbd8 27. Rcd4 Nf6 28. Rxd7 Rxd7 29. Rxd7 Nxd7 30. Bxb7 Kf8 31.
f3 Ke7 32. Bd5 g5 33. Kf2 f6 34. Ke3 Kd6 35. Bg8 h6 36. Ke4 Ne5 37. Bb3 f5+ 38.
Kxf5 Nxf3 39. h3 Nd4+ 40. Kg6 Ke5 41. Kxh6 Kf6 42. Kh5 {
1-0 Krasenkow,M (2545) - Flear,G (2470)/Paris 1990}) 12... Nb6 13. e4 Qd7 14.
Qd2 Rad8 15. Rfd1 Na4 16. d5 Nxb2 17. Qxb2 Na5 18. Bh3 b6 19. Qe5 Qa4 20. Qxc7
exd5 21. exd5 Qxa3 22. d6 Qxa2 23. Qxa7 Qe2 24. Qxb6 Nb3 25. Bf1 Qh5 26. Rb1
Qh6 27. Qb4 Rb8 28. Qxc4 Nd2 29. Rxb8 Rxb8 30. d7 Rd8 31. Qc7 Nf3+ 32. Kg2 Qf6
33. Qxd8+ Qxd8 34. Kxf3 g6 35. Kg2 Kg7 36. Bb5 h5 37. Kg1 h4 38. Re1 Qb6 39.
Re8 Qxb5 40. d8=Q Qb1+ 41. Kg2 h3+ 42. Kxh3 {
(1-0 Krasenkow,M (2555) - Naumkin,I (2430)/Moscow 1992).}) 11... Rb8 12. Bb2
Qd7 13. e4 Rfd8 14. d5 exd5 15. Bxf6 gxf6 16. exd5 Ne5 17. Qd4 {
Ñ äâîéíûì óäàðîì íà à7 è íà f6 (ïîñëå f2-f4)} Qd6 {
Òåïåðü ÷¸ðíûå òåðÿþò ëèøíþþ ïåøêó.} ({Èãðàòü íà ïîáåäó èëè, ïî êðàéíåé
ìåðå, áîðîòüñÿ çà ñîõðàíåíèå ïåðåâåñà ìîæíî áûëî, âèäèìî, ïîñëå} 17... b5 $5 {
,  óêðåïëÿÿ ñâîþ «äåáþòíóþ» ïðîõîäíóþ.}) 18. f4 ({Ïîñëå ïðåäïîëàãàåìîãî} 
18. f4 Nd7 19. Qxc4 Qc5+ 20. Qxc5 Nxc5 {
, ïî-ìîåìó, íåëüçÿ îòäàòü ïðåäïî÷òåíèå íè îäíîé èç ñòîðîí.}) 1/2-1/2

[Event "Aerosvit-2007"]
[Site "Foros"]
[Date "2007.06.21"]
[Round "4"]
[White "Rublevsky, Sergei"]
[Black "Nisipeanu, Liviu-Dieter"]
[Result "1/2-1/2"]
[WhiteElo "2680"]
[BlackElo "2693"]
[Annotator "Êðîéòîð Ìèõàèë"]
[PlyCount "127"]
[EventDate "2007.06.18"]

1. e4 c6 2. d4 d5 3. e5 Bf5 4. Nd2 e6 5. Nb3 Nd7 6. Nf3 Ne7 7. Be2 a6 (7... f6
8. exf6 gxf6 9. Nh4 Bg6 10. Bg4 e5 11. dxe5 fxe5 12. Bg5 Bg7 13. O-O Rf8 14.
Qe2 e4 15. Nxg6 hxg6 16. c4 Bf6 17. Bh6 Rh8 18. Bf4 Ne5 19. cxd5 Qxd5 20. Rad1
Nd3 21. Bg3 Nf5 22. Bf3 Nxg3 23. hxg3 O-O-O 24. Bxe4 Qg5 25. Rxd3 Rde8 26. Re3
Kb8 27. Bf3 Be5 28. Bg4 {
(1-0 Malakhov,V (2690) - Yevseev,D (2572)/Tomsk RUS 2006).}) (7... h6 8. O-O
Bh7 9. c3 Ng6 10. Ne1 Be7 11. Nd3 O-O 12. f4 Rc8 13. Be3 Nb6 14. Nd2 Nd7 15. b4
b6 16. Rc1 c5 17. bxc5 bxc5 18. c4 dxc4 19. Nxc4 Nh4 20. Nxc5 Nxc5 21. dxc5 Nf5
22. Bf2 Bxc5 23. Qxd8 Rfxd8 24. Rfd1 Rxd1+ 25. Rxd1 g5 26. fxg5 hxg5 27. Rd7
Bg6 28. g4 Nh4 29. Bxc5 Rxc5 30. Kf2 Bb1 31. Rxa7 Ng6 32. Nd2 Bc2 33. Nf3 Nxe5
{(1/2 Zhigalko,S (2540) - Mchedlishvili,M (2609)/Dresden GER 2007).}) 8. O-O
Ng6 9. Bd2 ({
Rybka ïðåäëàãàåò ïåðåâåñòè êîíÿ íà ïîëå d3, ãäå îí ñìîòðèòñÿ àêòèâíåé.} 9. Ne1
h5 10. Nd3 h4 11. h3 Qc7 12. Be3) 9... c5 10. dxc5 Bxc5 11. Nxc5 ({
Ìîæíî áûëî ðàçìåíÿòü êîíÿ íà ñëîíà ïî-äðóãîìó:} 11. Nfd4 Bxd4 12. Nxd4 {è åñëè}
Ndxe5 $2 ({ïðàâèëüíî} 12... Ne7 13. Qe1 Nxe5 14. Bh5 $1 N5c6 15. Nxe6 Bxe6 16.
Qxe6 O-O 17. Qe2 $14 {çà ñ÷¸ò äâóõ ñëîíîâ}) {òî} 13. g4 $1 {
, è ÷¸ðíûì íàäî îòäàâàòü ôèãóðû}) 11... Nxc5 12. Bb4 Qb6 13. c3 O-O 14. Nd4
Nf4 15. Nxf5 exf5 16. Bf3 ({Íåïëîõî áûëî ïåðåõîäèòü â òÿæåëîôèãóðíûé ýíäøïèëü:
} 16. g3 Nxe2+ 17. Qxe2 Rfc8 18. Rfd1 Qe6 19. Bxc5 Rxc5 20. Qe3 $14 Rb5 21. Rd2
Re8 {, è ïåøêà e5 ñêîâûâàåò ÷¸ðíûõ. Ê òîìó æå ïîñòîÿííîé çàáîòû òðåáóåò
«èçîëÿòîð» íà d5.}) 16... Rad8 17. g3 Nfd3 18. Bxc5 Nxc5 19. Qd4 Qb5 20. Rfd1
(20. a4 $5 Qc6 21. Rad1 Nxa4 $140 $2 22. Bxd5 Qe8 23. Rd2 b5 24. b3 $18) 20...
Ne6 21. Qb4 Qc6 22. c4 (22. Qa5 $142 $5 b5 $140 23. c4 $1 bxc4 (23... Qxc4 24.
Rac1 Qa4 25. Qxa4 bxa4 26. Bxd5 $16) 24. Rxd5 $16) 22... Qxc4 23. Qxc4 dxc4 24.
Bxb7 a5 25. Ba6 Nd4 26. Kg2 (26. f4 Nf3+ 27. Kf2 Nxh2 28. Bxc4 Ng4+ 29. Ke2 h5
$16) 26... Nc6 27. f4 Nb4 $16 28. Bxc4 {Ó áåëûõ ïðåèìóùåñòâî â êðàñèâóþ ïåøêó.
} Nc2 29. Rxd8 Rxd8 30. Rc1 Rd2+ 31. Kf3 g6 ({Êîíå÷íî, íå} 31... Rxh2 $4 32.
Bb3 {è èç-çà òîãî, ÷òî êîí¸ì íå ä¸ðíóòüñÿ (îòêðûâàåòñÿ ìàò) - åãî ïðèõîäèòñÿ
îòäàâàòü.}) 32. h4 Kf8 33. a3 ({
Íåîáõîäèìî áûëî óãðîæàòü ðàçìåíîì ëàäåé - òîãäà ôèãóðû àêòèâèçèðóþòñÿ.} 33.
Rf1 Rd4 34. b3 $16) 33... Ke7 34. h5 $6 {Ïîçâîëÿåò óðàâíÿòü ïîëîæåíèå.} ({
Åù¸ âîçìîæíî áûëî} 34. Rf1 Rd4 35. Bb5 $16 f6 36. Rc1 {è ò.ä.}) 34... f6 $1 35.
hxg6 hxg6 36. Rh1 ({Òî÷íåå} 36. exf6+ Kxf6 37. Rh1 $16) 36... fxe5 37. fxe5 g5
38. Rh7+ Kd8 39. Rh8+ {Î÷åâèäíî, ó Ñåðãåÿ áûëî ìàëî âðåìåíè...} ({
Áîëüøå øàíñîâ äàâàëà æåðòâà ñëîíà:} 39. e6 $1 $16 g4+ 40. Kf4 Rd4+ 41. Kxf5
Ne3+ ({èëè} 41... Rxc4 42. Kf6 Ne3 43. e7+ Kd7 44. e8=Q+ Kxe8 45. Re7+ Kd8 46.
Rxe3 {ñ âûãîäíûì, íî âðÿä ëè âûèãðûøíûì «ëàäåéíèêîì»}) 42. Kf6 Nxc4 43. b3
Nd6 (43... Nxa3 $2 44. Rh8+ Kc7 45. e7 $18) 44. Rd7+ Ke8 45. Ke5 Rd3 46. Rxd6
Rxb3 47. Ra6 {ñ èíòåðåñíûì, íî, âåðîÿòíî, íè÷åéíûì îêîí÷àíèåì. Âïðî÷åì,
òàêîå ðàññ÷èòàòü â ãîëîâå íåëåãêî.}) 39... Ke7 40. Rh7+ Kd8 41. Be6 $6 {
Åù¸ ìîæíî áûëî ïîïðîáîâàòü äâèíóòü ïåøêó âïåð¸ä.} Rd3+ 42. Kf2 Rd2+ 43. Kf3
Rd3+ 44. Ke2 {Íå ñîãëàøàÿñü ñ âå÷íûì øàõîì.} Re3+ 45. Kd2 Rxe5 46. Rd7+ ({Èëè
} 46. Bxf5 Nxa3 47. g4 Nc4+ 48. Kc3 Nb6 $11) 46... Ke8 47. Rd5 Rxe6 48. Kxc2
Re2+ 49. Kb3 Rf2 ({Èëè} 49... Re3+ 50. Kc4 Rxg3 51. Rxf5 $11) 50. Rxa5 Ke7 51.
a4 (51. Rd5 Rf3+ 52. Kc4 Rxg3 53. Rxf5) 51... Kf6 52. Rc5 Rf3+ 53. Rc3 g4 54.
a5 f4 55. a6 $6 {
À ýòî óæå óïóñêàåò äàæå òî ìèíèìàëüíîå ïðåèìóùåñòâî, ÷òî áûëî.} ({
Âïðî÷åì, è â ëó÷øåì âàðèàíòå} 55. gxf4 Rxc3+ 56. bxc3 (56. Kxc3) 56... g3 57.
a6 g2 58. a7 g1=Q 59. a8=Q {
òàáëèöû «Áðàäèñà» ãîâîðÿò, ÷òî ïîáåäû çäåñü áåëûì íå âèäàòü.}) 55... Rxc3+
56. bxc3 fxg3 57. a7 g2 58. a8=Q g1=Q 59. Qf8+ Ke5 60. Qe7+ Kf4 61. Qd6+ Kf3
62. Qd5+ Ke2 63. Qe4+ Kd2 64. Qd5+ 1/2-1/2

[Event "Aerosvit 2007"]
[Site "Foros"]
[Date "2007.06.21"]
[Round "4"]
[White "GM Shirov, Alexei(ESP)"]
[Black "GM Svidler, Peter(RUS)"]
[Result "1/2-1/2"]
[WhiteElo "2699"]
[BlackElo "2736"]
[Annotator "Ëåáåäåâ Âàñèëèé"]
[PlyCount "57"]
[EventDate "2007.??.??"]

1. e4 e5 2. Nf3 Nc6 3. Bb5 a6 4. Ba4 Nf6 5. O-O Be7 6. Re1 b5 7. Bb3 O-O {
Ï¸òð ãîòîâ ê Ìàðøàëëó!} 8. h3 Bb7 9. d3 d6 10. a3 Qd7 {
Îäíî èç íàä¸æíûõ ïðîäîëæåíèé.} (10... Na5 $145) 11. Nc3 (11. Nbd2 Rae8 12. c3
d5 13. Ba2 dxe4 14. dxe4 Nh5 15. Nb3 Qxd1 16. Rxd1 Nf6 17. Re1 Nb8 18. Nxe5 Bd6
19. Nd3 Bxe4 20. Nbc5 Bd5 21. Rxe8 Rxe8 22. Bxd5 Nxd5 23. Kf1 f6 24. a4 Kf7 25.
Bd2 g5 26. a5 Ne7 27. Rc1 Nec6 28. c4 b4 29. Ra1 Bxc5 30. Nxc5 Re5 31. Nb3 Nd7
32. Be3 Ke7 33. g3 Re4 34. Nd2 Re5 35. Nb3 Re4 {
(1/2 Topalov,V (2700)-Svidler,P (2713)/Linares 1999).}) 11... Rfe8 (11... Nd8
12. d4 exd4 13. Nxd4 Re8 14. Nf5 Ne6 15. Nxe7+ Rxe7 16. f3 Rd8 17. Bxe6 fxe6
18. e5 dxe5 19. Qxd7 Rdxd7 20. Rxe5 Rd6 21. Bf4 {
(1/2 Topalov,V (2788)-Svidler,P (2738)/San Luis 2005).}) 12. Ne2 (12. Nd5 Nxd5
13. exd5 Nd4 14. Nxd4 exd4 15. a4 Bf6 16. axb5 axb5 17. Rxa8 Bxa8 18. Bd2 Bb7
19. Re4 Rxe4 20. dxe4 c5 21. dxc6 Bxc6 22. Qf3 Be5 23. g4 h6 24. Kg2 Qb7 25.
Bd5 Bxd5 26. exd5 g5 27. b3 Kg7 28. Qe4 Qc8 29. Kf3 f6 30. Qf5 Qb7 31. Qe4 Qc8
32. Qf5 Qb7 33. Qe4 Qc8 {(1/2 Svidler,P (2743) - Kamsky,G (2671)/Sofia 2006).})
12... Nd8 13. Ng3 Ne6 14. Ng5 ({
Íà òàéáðåéêå ýëèñòèíñêîãî ìàò÷à ñ Àäàìñîì Àëåêñåé èñïûòûâàë} 14. c3 c5 15. d4
exd4 16. cxd4 d5 17. dxc5 dxe4 18. Qxd7 Nxd7 19. c6 Bxc6 20. Nxe4 Bxe4 21. Rxe4
Ndc5 22. Re3 Nxb3 23. Rxb3 Nc5 24. Re3 Bf6 25. Rb1 Rad8 26. Rxe8+ Rxe8 27. Be3
Na4 28. Bd4 Bxd4 29. Nxd4 Re4 30. Nc6 Re6 31. Nb4 Kf8 32. Kf1 Ke7 33. b3 Nc5
34. Nd5+ Kd7 35. b4 Rd6 36. Nc3 Rd3 37. Rd1 Rxd1+ 38. Nxd1 Na4 39. Ke2 Kd6 40.
Kd3 Ke5 41. g3 g5 42. Ne3 f5 43. f3 f4 44. Ng4+ Kf5 45. gxf4 Kxf4 46. Ke2 Nc3+
47. Kf2 Nd5 48. Nh6 Ne3 49. Ng4 Nd1+ 50. Ke2 Nc3+ 51. Kf2 h5 52. Nf6 h4 53. Nd7
Nd1+ 54. Kg2 Ne3+ 55. Kf2 Nc2 56. Nc5 Nxa3 57. Nxa6 Nc2 58. Nc7 Nd4 59. Nd5+
Ke5 60. Nc3 Kf4 61. Nd5+ Kf5 62. Nc3 Ke5 63. Kg2 Kd6 64. Kf2 Kc6 65. Ke3 Ne6
66. Ne2 Kd5 67. Kd3 Ke5 68. Ke3 Nc7 69. f4+ gxf4+ 70. Nxf4 Nd5+ 71. Nxd5 Kxd5
72. Kd3 Ke5 73. Ke3 Kd5 74. Kd3 Ke5 75. Ke3 {
(1/2 Shirov,A (2699) - Adams,M (2734)/Elista RUS 2007).}) 14... d5 $1 {
Êàê îäíàæäû çàìåòèë Ïàóëü Ïåòðîâè÷ Êåðåñ, åñëè ýòîò õîä âîçìîæåí, çíà÷èò,
èñïàíñêèå òðóäíîñòè ÷¸ðíûõ ïîçàäè.} (14... Nxg5 15. Bxg5 h6 16. Bd2 d5 17.
exd5 Bxd5 18. Bxd5 Qxd5 19. Bc3 Bc5 20. Ne4 {
(1/2 Anand,V (2786) - Leko,P (2749)/Monte Carlo 2005).}) 15. Nf5 ({Åñëè} 15.
exd5 {, òî} Nc5 $1 {
è ÷¸ðíûå, ïî-ìîåìó, äàæå ïåðåõâàòûâàþò èíèöèàòèâó! Íàïðèìåð,} 16. c4 (16. Ba2
Bxd5 {è åñëè, íàïðèìåð,} 17. Rxe5 {, òî} Bxa2 18. Rxa2 Bd6 19. Rxe8+ Rxe8 $36)
16... Nxb3 17. Qxb3 c6 $1 {, êàê ãîâîðèòñÿ, ïîëó÷àÿ áîãàòóþ èãðó. Ïðàâäà, çà
íåêîòîðîå êîëè÷åñòâî ïåøåê. È âåä¸ò ýòî, ïî âñåé âèäèìîñòè, ê ïîëíîìó
ðàâåíñòâó:} 18. dxc6 Bxc6 19. Rxe5 Bd6 20. Rxe8+ (20. Re3 Bxg3 21. Rxg3 Re1+
22. Kh2 Nh5 $15) 20... Rxe8 {Õîòÿ, ïîãîäèòå...} 21. N3e4 ({ïëîõî} 21. N5e4 $6 {
èç-çà} Bxg3 $1 22. Nxg3 Re1+ 23. Nf1 Qe6 24. Qc2 Bf3 $1 25. b3 Be2 26. Be3 Rxa1
27. Qxe2 bxc4 28. bxc4 Rxa3) 21... Bxe4 22. Nxe4 Nxe4 23. dxe4 Rxe4 24. Be3
bxc4 (24... Rxc4 25. Rd1) 25. Qb6 Be5 {è ò.ä.}) (15. exd5 Nd4) 15... Bf8 {
Åñòü ïîäîçðåíèå, ÷òî íå ñàìûé ëó÷øèé õîä.} ({
Áîðîòüñÿ çà «ïåðåõâàò» ìîæíî áûëî ïóò¸ì} 15... Nc5 $1 16. Nxe7+ ({ñëàáåå} 16.
Ba2 h6 $1 17. b4 Na4 18. Nf3 Bf8 $15) 16... Rxe7 17. Bxd5 Nxd5 18. exd5 f6 $1
19. Ne4 Qxd5 $36) 16. Qf3 Nc5 17. Bxd5 Nxd5 18. exd5 Bxd5 19. Ne4 Qe6 ({
Çàñëóæèâàëî âíèìàíèÿ è õèòðîå} 19... Red8 $5 {- çàáëàãîâðåìåííî ãîòîâÿñü ê
áîðüáå çà îòêðûâàþùóþñÿ ëèíèþ «d» (ïîñëå ðàçìåíà íà  å4).}) 20. Bd2 Nd7 ({
Íåêóþ ãàðìîíè÷íîñòü â ðàñïîëîæåíèè ÷¸ðíûõ ôèãóð ïîñëå} 20... Rad8 $5 {
ÿ äóìàþ ìîæíî ðàçãëÿäåòü:} 21. Bb4 (21. Ne3 $4 Bxe4 $19) 21... Qc6 22. Bxc5
Bxc5 23. Qg4 g6 24. Nh6+ Kg7 25. Nxc5 Qxc5 26. Nf5+ Kh8 27. Ne3 Be6 28. Qb4 Qb6
{è ò.ä.}) 21. Ne3 Bb7 22. c4 $5 {Ðåçêîâàòî ñûãðàíî.} ({
Ìîæåò, ñòîèëî ïðîäîëæèòü ìàí¸âðû -} 22. Bc3 $5) ({
À âîò «ýôôåêòíîå» óáèâàíèå ïðåèìóùåñòâà äâóõ ÷¸ðíûõ ñëîíîâ ïóò¸ì} 22. Nf6+ {
ïîñëå} Qxf6 $1 23. Qxb7 Nc5 24. Qd5 c6 {âåëî, êàê ãîâîðèòñÿ â ñòàðûõ êíèæêàõ, ê
ýêñïîíèðîâàíèþ áåëîãî ôåðçÿ ê ÷¸ðòó íà êóëè÷êè -} 25. Qa2 a5 $15) 22... Rab8
{È ñíîâà, áûòü ìîæåò, ïðîìåäëåíèå -} (22... bxc4 $5 23. Nxc4 Rab8 {
Ñëîí çàùèù¸í - ãðîçèò f7-f5.} 24. Qg3 ({ñëàáåå} 24. Bc3 {
ââèäó äëèííîãî «ôîðñàæà»} f5 25. Ng5 Qg6 26. Qg3 f4 27. Qg4 Nf6 28. Qh4 h6
29. Ne4 Bxe4 $1 30. dxe4 Qh7 $3 {è áåëûé ôåðçü â ñåðü¸çíåéøåé îïàñíîñòè!})
24... f5 25. Ng5 Qd5 26. Rac1 Bc5 $36) 23. b4 g6 ({Âèæó âûèãðûø ïåøêè, íî äëÿ
ýòîãî íàäî ðàññòàòüñÿ ñî ñòîëü äîëãî ëåëååìûì ïðåèìóùåñòâîì äâóõ ñëîíîâ} 23...
Bxe4 24. dxe4 ({åñëè} 24. Qxe4 {, òî} Nf6 25. Qf5 Rbd8 {
, è ïåøêà íà d3 âçûâàåò î ïîìîùè}) 24... bxc4 25. Rac1 ({èëè} 25. Nd5 Rb7 $1 {
, çàòåì ãîíèì êîíÿ (ñ6) è ïûòàåìñÿ ðàñ÷èùàòü äîðîãó ïðîõîäíîé (à5, ñ5).})
25... Nb6 26. Nd5 Rbd8 27. Nxc7 Qc6 28. Nxe8 Rxd2 29. Qe3 Rd8 30. Nxg7 Bxg7 31.
Qc5 Rc8 {ñ ëó÷øèìè ïåðñïåêòèâàìè ó ÷¸ðíûõ}) 24. Qe2 c5 {
Ðóáêó çàêàçûâàëè? Ïîæàëóéñòà!} 25. Rac1 (25. Ng5) 25... Rec8 {
Îïÿòü Ï¸òð äåëàåò, õîòÿ è ïëîòíûé, íî ìèðîëþáèâûé õîä.} ({
Çàìàí÷èâûì è íàïðàøèâàþùèìñÿ âûãëÿäåëî} 25... f5 $5 26. Ng5 Qe7 27. Nf3 Qd6 28.
Bc3 Rbd8 $36) {À òåïåðü ïîñëå} 26. Ng5 Qe7 27. Ne4 Qe6 28. Ng5 Qe7 29. Ne4 {
ïîëó÷àåòñÿ «ðûáà»!} 1/2-1/2